[Event "VIE-ch U11"]
[Site "Ho Chi Minh City"]
[Date "2014.07.18"]
[Round "9"]
[White "Luong, Duc Anh"]
[Black "Nguyen, Dinh Thanh"]
[Result "1-0"]
[WhiteElo "1993"]
[BlackElo "1928"]
[PlyCount "61"]
[EventDate "2014.07.13"]
[EventType "swiss"]
[EventRounds "9"]
[EventCountry "VIE"]
[SourceTitle "EXT 2016"]
[Source "ChessBase"]
[SourceDate "2015.10.08"]
[SourceVersion "1"]
[SourceVersionDate "2015.10.08"]
[SourceQuality "1"]

1. e4 e5 2. Nf3 Nc6 3. Bc4 Nf6 4. d3 d6 5. h3 Be7 6. Nc3 0-0 7. 0-0 Be6 8. Bb3 h6 9. Nh2 d5 10. exd5 Nxd5 11. Nxd5 Bxd5 12. Bxd5 Qxd5 13. Qf3 Qd8 14. Be3 Re8 15. Rfe1 Bf6 16. Ng4 Bg5 17. Rad1 Nd4 18. Bxd4 Qxd4 19. c3 Qb6 20. Nxe5 f6 21. Nc4 Qa6 22. a3 Rad8 23. g3 Rxe1+ 24. Rxe1 Bd2 25. Nxd2 Rxd3 26. Qe2 Qd6 27. Qe8+ Kh7 28. Qe4+ Kg8 29. Qg6 Rxd2 30. Re8+ Qf8 31. Rxf8+ 1-0

[Event "VIE-ch U11"]
[Site "Ho Chi Minh City"]
[Date "2014.07.16"]
[Round "6"]
[White "Diep, Tuong Nghiem"]
[Black "Luong, Duc Anh"]
[Result "1/2-1/2"]
[WhiteElo "1944"]
[BlackElo "1993"]
[PlyCount "63"]
[EventDate "2014.07.13"]
[EventType "swiss"]
[EventRounds "9"]
[EventCountry "VIE"]
[SourceTitle "EXT 2016"]
[Source "ChessBase"]
[SourceDate "2015.10.08"]
[SourceVersion "1"]
[SourceVersionDate "2015.10.08"]
[SourceQuality "1"]

1. d4 e6 2. c4 Nf6 3. Nc3 d5 4. Bf4 c6 5. a3 Nbd7 6. Nf3 Be7 7. e3 0-0 8. cxd5 Nxd5 9. Nxd5 exd5 10. Bd3 Re8 11. 0-0 Nf8 12. Qb3 Ng6 13. Bxg6 hxg6 14. Ne5 Bd6 15. Rfe1 Bxe5 16. Bxe5 c5 17. e4 dxe4 18. Rxe4 Be6 19. Qg3 Bf5 20. Bc7 Qd5 21. Rxe8+ Rxe8 22. dxc5 Qxc5 23. h3 Qc2 24. Qc3 Qxc3 25. bxc3 f6 26. g4 Bd7 27. Rd1 Bc6 28. Rd8 Kf7 29. Rxe8 Bxe8 30. Kf1 Ke6 31. Ke2 b5 32. Ba5 1/2-1/2

[Event "VIE-ch U11"]
[Site "Ho Chi Minh City"]
[Date "2014.07.15"]
[Round "5"]
[White "Luong, Duc Anh"]
[Black "Truong, Hoai Nam"]
[Result "1/2-1/2"]
[WhiteElo "1993"]
[BlackElo "1945"]
[PlyCount "42"]
[EventDate "2014.07.13"]
[EventType "swiss"]
[EventRounds "9"]
[EventCountry "VIE"]
[SourceTitle "EXT 2016"]
[Source "ChessBase"]
[SourceDate "2015.10.08"]
[SourceVersion "1"]
[SourceVersionDate "2015.10.08"]
[SourceQuality "1"]

1. d4 e6 2. c4 d5 3. Nc3 Nf6 4. Bg5 Nbd7 5. Nf3 Be7 6. e3 c6 7. cxd5 exd5 8. Bd3 0-0 9. 0-0 h6 10. Bxf6 Nxf6 11. Rc1 Bg4 12. h3 Be6 13. Ne5 Rc8 14. Na4 Bd6 15. f4 Re8 16. Nc5 Bxc5 17. Rxc5 Nd7 18. Rc3 f6 19. Nxd7 Qxd7 20. f5 Bf7 21. Qf3 Qe7 1/2-1/2